Sports Quiz

Random Sports or Football Quiz

Football Rivalries of Europe (Picture Click) III Quiz Stats

 Plays Quiz not verified by Sporcle

Score 0/32 Timer 06:00
0 Plays Today
% Correct
Oldest Russian - Spartak Moskva|Dynamo Moskva
98%
North London - Arsenal|Tottenham
96.5%
Belfast - Linfield|Glentoran
94.4%
Edinburgh - Hearts|Hibernian
94.4%
Belarussian - BATE|Dinamo Minsk
93.3%
South Wales - Cardiff|Swansea
93.3%
Reykjavík - KR|Valur
91.8%
Haifa - Maccabi|Hapoel
89.8%
Cretan - Ergotelis|OFI
89.3%
Seville - Real Betis|Sevilla
88.9%
Eternal - Levski|CSKA Sofia
88.4%
Tirana - Dinamo|Partizani|KF
87.8%
Skånederby - Helsingborgs|Malmö FF
85.5%
Łódź - Widzew|ŁKS Łódź
84.2%
Eternal - Partizan|Red Star
82%
De Topper - Ajax|PSV
80%
% Correct
Rheinland - Köln|Mönchengladbach
79.6%
Steel City - Sheff Wed|Sheff Utd
79.1%
O Clássico - Porto|Benfica
75.6%
Klassiker - Bayern|Dortmund
75.5%
Adriatic - Rijeka|Hajduk Split
73.8%
Scala - Chievo|Hellas Verona
73.5%
Bruges - Club Brugge|Cercle Brugge
72.5%
Moravian - Brno|Sigma Olomouc
71.5%
Nord - RC Lens|Lille
68.5%
Limassol - Apollon|AEL|Aris
67.6%
Asturian - Oviedo|Gijón
66.9%
Tórshavn - B36|HB
66.7%
Mostar - Zrinjski|Velež
66.5%
Jutland - Aalborg|Aarhus
65.6%
Rhônalpin - Lyon|Saint-Étienne
62.5%
Mole - Torino|Juventus
56.7%

You're not logged in!

Compare scores with friends on all Sporcle quizzes.
Join for Free
OR
Log In

You Might Also Like...

Show Comments

Extras

Top Quizzes Today


Score Distribution

Your Account Isn't Verified!

In order to create a playlist on Sporcle, you need to verify the email address you used during registration. Go to your Sporcle Settings to finish the process.

Report this User

Report this user for behavior that violates our Community Guidelines.

Details: